header

Discovering the Western past : (Record no. 251315)

MARC details
000 -LEADER
fixed length control field 01301cam a2200361 a 4500
001 - CONTROL NUMBER
control field 12847912
003 - CONTROL NUMBER IDENTIFIER
control field OSt
005 - DATE AND TIME OF LATEST TRANSACTION
control field 20151116111630.0
008 - FIXED-LENGTH DATA ELEMENTS--GENERAL INFORMATION
fixed length control field 020709s2004 mauab b 000 0 eng
010 ## - LIBRARY OF CONGRESS CONTROL NUMBER
LC control number 2002109689
020 ## - INTERNATIONAL STANDARD BOOK NUMBER
International Standard Book Number 9780618312924 (v. 1)
International Standard Book Number 0618312927 (v. 1)
International Standard Book Number 9780618312931 (v. 2)
International Standard Book Number 0618312935 (v. 2)
035 ## - SYSTEM CONTROL NUMBER
System control number (OCoLC)ocm52443147
040 ## - CATALOGING SOURCE
Original cataloging agency GZQ
Transcribing agency GZQ
Modifying agency BAKER
-- DLC
042 ## - AUTHENTICATION CODE
Authentication code lccopycat
050 00 - LIBRARY OF CONGRESS CALL NUMBER
Classification number CB245
Item number .W52 2004
082 00 - DEWEY DECIMAL CLASSIFICATION NUMBER
Classification number 909/.09821
Edition number 22
100 1# - MAIN ENTRY--PERSONAL NAME
Personal name Wiesner, Merry E.,
Dates associated with a name 1952-
245 10 - TITLE STATEMENT
Title Discovering the Western past :
Remainder of title a look at the evidence /
Statement of responsibility, etc Merry E. Wiesner, Julius R. Ruff, William Bruce Wheeler.
250 ## - EDITION STATEMENT
Edition statement 5th ed.
260 ## - PUBLICATION, DISTRIBUTION, ETC. (IMPRINT)
Place of publication, distribution, etc Boston :
Name of publisher, distributor, etc Houghton Mifflin,
Date of publication, distribution, etc c2004.
300 ## - PHYSICAL DESCRIPTION
Extent 2 v. :
Other physical details ill., maps ;
Dimensions 24 cm.
504 ## - BIBLIOGRAPHY, ETC. NOTE
Bibliography, etc Includes bibliographical references.
505 0# - FORMATTED CONTENTS NOTE
Formatted contents note v. 1. To 1789 -- v. 2. Since 1500.
650 #0 - SUBJECT ADDED ENTRY--TOPICAL TERM
Topical term or geographic name as entry element Civilization, Western
General subdivision History
Form subdivision Sources.
700 1# - ADDED ENTRY--PERSONAL NAME
Personal name Ruff, Julius R.
Fuller form of name (Julius Ralph)
Personal name Wheeler, William Bruce,
Dates associated with a name 1939-
906 ## - LOCAL DATA ELEMENT F, LDF (RLIN)
a 7
b cbc
c copycat
d 2
e epcn
f 20
g y-gencatlg
942 ## - ADDED ENTRY ELEMENTS (KOHA)
Source of classification or shelving scheme Library of Congress Classification
Koha item type Long Loan Books
Holdings
Withdrawn status Lost status Source of classification or shelving scheme Damaged status Not for loan Collection code Home library Current library Shelving location Date acquired Total Checkouts Full call number Barcode Date last seen Price effective from Koha item type
    Library of Congress Classification     Non-fiction Rongo University Library Rongo University Library General Stacks 16/11/2015   CB245 .W52 2004 20155244 16/11/2015 16/11/2015 Long Loan Books

© 2026 Rongo University
Contact us: librarian | system librarian | Rongo university